Представление документа в формате RUSMARC

ПолеНазваниеЗначение
  Тип записи a
  Библиографический уровень m
001 Контрольный номер RU/IS/BASE/288805116
005 Дата корректировки 20201206204626.6
010 Индекс ISBN __
a ISBN 978-5-7695-3877-3
d Цена 504-07; 325-00
101 Язык документа __
a Язык текста rus
c Язык оригинала rus
200 Заглавие и сведения об ответственности __
a Заглавие Архитектурно-строительная экология
f Первые сведения об ответственности А. Н. Тетиор
b Общее обозначение материала Текст
210 Выходные данные __
a Место издания М.
c Издательство Академия
d Дата издания 2008
215 Физическое описание __
a Объем 368 с.
320 Библиография __
a Библиография Список исп. лит.: с. 357-358
330 Аннотация __
a Аннотация Приведены социально-природные основы архитектурно-строительной экологии: идеология и программы устойчивого развития и строительства городов; воздействия городов на природу; экосистема и метаболизм. Описана связь архитектуры и экологии. Изложены концепция архитектурно-строительной экологии, концепция экологического города будущего.
606 Тематические рубрики __
a Основная рубрика Строительство
606 Тематические рубрики __
a Основная рубрика Общие вопросы строительства
606 Тематические рубрики __
a Основная рубрика Теоретические основы строительства в целом
606 Тематические рубрики __
a Основная рубрика Проектирование в строительстве
606 Тематические рубрики __
a Основная рубрика Изобразительное искусство и архитектура
606 Тематические рубрики __
a Основная рубрика Градостроительство в целом
606 Тематические рубрики __
a Основная рубрика Планировка и застройка городов
610 Ключевые слова __
a Ключевые слова архитектурно-строительная экология; градостроительная экология; экологическая архитектура; ландшафтная экология; строительная экология; городские ландшафты; озеленение; экопоселения; экологическое законодательство; урбоэкология; вертикальное озеленение; города; экологичные здания; экология городов; урбоэкология; ландшафтная экология
686 Индексы других классификаций __
a Классификационный индекс 38я73
686 Индексы других классификаций __
a Классификационный индекс 85.118я73
700 Автор _1
a Фамилия Тетиор
b Имя А. Н.
4 Код отношения 070
801 Источник записи _0
a Страна RU
b Организация Муниципальное бюджетное учреждение культуры "Централизованная библиотечная система" г. Сургут (Центральная городская библиотека им. А. С. Пушкина)
g Правила каталогизации КиК/Елгина
801 Источник записи _1
a Страна RU
b Организация Муниципальное бюджетное учреждение культуры "Централизованная библиотечная система" г. Сургут (Центральная городская библиотека им. А. С. Пушкина)
g Правила каталогизации КиК/Елгина
852 Данные о местонахождении __
j Шифр хранения 38я73
c Каталожный индекс 38я73; 85.118я73
i Авторский знак Т 37
901 Тип документа __
t Тип документа m
903 Характеристики (МАРС) __
a Дата передачи 20091005; 20090225
990 Данные о заказе (DOS) __
j Количество экземпляров (DOS) 1; 2
t N записи в КСУ для И/У (DOS) 200910; 200903